000 00290nam a22001337a 4500
008 171013b xxu||||| |||| 00| 0 eng d
020 _a9780205523122
041 _aeng
080 _27TH
_a316
100 _a51
101 _aSOC
245 _aHUMAN SEXUALITY
_cRATHUS,S.A
942 _2udc
_cBK
999 _c33792
_d33792